| 000 | 00552nam a2200169 a 4500 | ||
|---|---|---|---|
| 005 | 20260421121943.0 | ||
| 008 | 260318s2026##################000#0#eng## | ||
| 020 |
_a9780340706473 _qpbk |
||
| 082 | 0 | 4 | _a362.19232094 COH |
| 100 | _aJr., Samuel K. Cohn | ||
| 245 | 1 | 0 |
_aThe Black Death Transformed: Disease and Culture in Early Renaissance Europe _c/ Samuel K. Cohn Jr |
| 250 | _a1st ed. | ||
| 260 |
_aNew York: _bArnold Publication, _c2003. |
||
| 300 |
_ax,318p. _c;23cm. |
||
| 650 | _aSocial services related to specific diseases | ||
| 942 | _cENGLISH | ||
| 999 |
_c617852 _d617852 |
||